Normal view
MARC view
- Hill, Terrell L
Entry Personal Name
001 - CONTROL NUMBER
- control field: 82634
003 - CONTROL NUMBER IDENTIFIER
- control field: NUST
005 - DATE AND TIME OF LATEST TRANSACTION
- control field: 20210923104027.0
008 - FIXED-LENGTH DATA ELEMENTS
- fixed length control field: 210923|| aca||aabn | a|a d
040 ## - CATALOGING SOURCE
- Original cataloging agency: NUST
- Transcribing agency: NUST
100 ## - HEADING--PERSONAL NAME
- Personal name: Hill, Terrell L
670 ## - SOURCE DATA FOUND
- Source citation: Work cat.: (NUST)33857: Hill, Terrell L., An Introduction to Statistical Thermodynamics, 2008.
